Six Letter Animal Quiz - Statistics

General Stats
  • This quiz has been taken 18 times
  • The average score is 10 of 16
Answer Stats
Hint Answer % Correct
Known for building dams Beaver
100%
Often eaten at Thanksgiving Turkey
100%
Associated with Easter Rabbit
94%
Bird that repeats what you say Parrot
88%
Large Arctic sea animal with long tusks Walrus
88%
Looks like a llama Alpaca
76%
Insect commonly mistaken for a wasp Hornet
76%
Shrek's best friend Donkey
71%
Name of a luxury car brand Jaguar
65%
Often caught digging through trash cans Racoon
59%
Froot Loops Mascot Toucan
59%
Use metal straws to save these Turtle
41%
Clever, wild canine Coyote
35%
The Hufflepuff house animal Badger
18%
Bird which is also the name of a superhero Falcon
18%
Draco Malfoy turned into this animal Ferret
12%
No matching quizzes found
Score Distribution
Percent of People with Each Score
Percentile by Number Answered
Your Score History
You have not taken this quiz